[Event "28.Schlosspark-Open"]
[Site "Wiesbaden-Biebrich"]
[Date "2016.08.26"]
[Round "2.27"]
[White "Haftmann, Rainer"]
[Black "BÃ¶sch, Udo"]
[Result "0-1"]
[WhiteElo "1839"]
[BlackElo "2101"]
[PlyCount "76"]
[EventDate "2016.??.??"]
[WhiteTeam "SG Dietzenbach"]
[BlackTeam "SK Ebringen"]

1. e4 c5 2. Nf3 d6 3. d4 cxd4 4. Nxd4 a6 5. Nc3 g6 6. Be3 Bd7 7. Qd2 Bg7 8. Bc4
Nc6 9. Bb3 Nf6 10. f3 Na5 11. O-O-O Nxb3+ 12. cxb3 b5 13. Kb1 b4 14. Nce2 a5
15. Nc1 O-O 16. g4 Qb8 17. h4 h5 18. Bg5 hxg4 19. Bxf6 Bxf6 20. h5 g5 21. f4
gxf4 22. Qxf4 Kh7 23. Nf5 Bxf5 24. Qxf5+ Kh6 25. Qxg4 Qc8 26. Qf3 Rg8 27. Rxd6
Qg4 28. Rxf6+ exf6 29. Qxf6+ Kh7 30. Qxf7+ Rg7 31. Qd5 Re8 32. h6 Rd7 33. Qf5+
Qxf5 34. exf5 Rd2 35. f6 Rf8 36. Rh5 Rxf6 37. Rxa5 Rc6 38. a3 Rd1 0-1

[Event "28.Schlosspark-Open"]
[Site "Wiesbaden-Biebrich"]
[Date "2016.08.26"]
[Round "2.28"]
[White "Barg, Harald"]
[Black "Leidorf, Sebastian"]
[Result "1/2-1/2"]
[WhiteElo "1820"]
[BlackElo "2097"]
[PlyCount "31"]
[EventDate "2016.??.??"]
[WhiteTeam "SK Schwäbisch Hall"]
[BlackTeam "SV Bergwinkel"]

1. d4 e6 2. c4 d5 3. Nc3 c5 4. Nf3 Nc6 5. cxd5 exd5 6. dxc5 d4 7. Na4 Bxc5 8.
Nxc5 Qa5+ 9. Bd2 Qxc5 10. e3 dxe3 11. Bxe3 Qb4+ 12. Qd2 Qxd2+ 13. Bxd2 Nge7 14.
Bc4 O-O 15. Bc3 a6 16. a4 1/2-1/2

[Event "28.Schlosspark-Open"]
[Site "Wiesbaden-Biebrich"]
[Date "2016.08.26"]
[Round "2.29"]
[White "Biastoch, Bennet"]
[Black "Eg, Karlheinz"]
[Result "1-0"]
[WhiteElo "2083"]
[BlackElo "1817"]
[PlyCount "101"]
[EventDate "2016.??.??"]
[WhiteTeam "AE Magdeburg"]
[BlackTeam "SV RÃ¼sselsheim"]

1. e4 e5 2. Nf3 Nc6 3. Bb5 a6 4. Ba4 Nf6 5. O-O Be7 6. Re1 b5 7. Bb3 O-O 8. c3
d6 9. h3 Na5 10. Bc2 c5 11. d4 Qc7 12. Nbd2 Rd8 13. b3 Bd7 14. d5 c4 15. b4 Nb7
16. Nf1 h6 17. Ng3 a5 18. a3 axb4 19. cxb4 Ra6 20. Ne2 Rda8 21. Nc3 Nh7 22. Kh2
Ng5 23. Ng1 Qc8 24. g3 Nxh3 25. Nxh3 Bxh3 26. Nxb5 Rb6 27. Nc3 Rxb4 28. Be3 Rb2
29. Qc1 Rxc2 30. Qxc2 Qg4 31. Qe2 Qc8 32. Bb6 Na5 33. Bxa5 Rxa5 34. f3 Bd7 35.
Reb1 f5 36. Rb4 Qe8 37. Kg1 Qg6 38. Rb7 Qe8 39. Qxc4 Rc5 40. Qb3 Kh7 41. exf5
Bxf5 42. Ne4 Bxe4 43. fxe4 Bg5 44. Qf3 Qc8 45. Rb3 Qc7 46. Rab1 Qa7 47. Qf5+
Kh8 48. Kh1 Qc7 49. Rb8+ Bd8 50. Qf8+ Kh7 51. Rxd8 1-0

[Event "28.Schlosspark-Open"]
[Site "Wiesbaden-Biebrich"]
[Date "2016.08.26"]
[Round "2.30"]
[White "Hafensteiner, Tim"]
[Black "Neukirchner, Pascal"]
[Result "1/2-1/2"]
[WhiteElo "1818"]
[BlackElo "2082"]
[PlyCount "80"]
[EventDate "2016.??.??"]
[WhiteTeam "Biebertaler SF"]
[BlackTeam "SK GrÃ¼ndau"]

1. e4 c5 2. c3 d5 3. exd5 Nf6 4. Nf3 Nxd5 5. d4 cxd4 6. cxd4 g6 7. Nc3 Nxc3 8.
bxc3 Qc7 9. Qb3 Be6 10. Bb5+ Nd7 11. d5 Bg4 12. Nd4 a6 13. Bxd7+ Bxd7 14. O-O
Bg7 15. Be3 O-O 16. Rfe1 Rfc8 17. Rac1 b5 18. Bg5 h6 19. d6 exd6 20. Re7 Qc4
21. Qxc4 Rxc4 22. Rxd7 hxg5 23. Rxd6 Rac8 24. Ne2 Ra4 25. Rc2 Ra3 26. g3 Rc4
27. Kg2 b4 28. Rd8+ Kh7 29. Rd7 Kg8 30. Rd8+ Kh7 31. Rd7 f5 32. Nd4 Kh6 33. Re2
g4 34. Nxf5+ gxf5 35. Re6+ Kh5 36. Rxg7 f4 37. Rgg6 fxg3 38. Rh6+ Kg5 39. Rhg6+
Kf5 40. Rgf6+ Kg5 1/2-1/2

[Event "28.Schlosspark-Open"]
[Site "Wiesbaden-Biebrich"]
[Date "2016.08.26"]
[Round "2.31"]
[White "Kaspereit, Holger"]
[Black "Zerhusen, Martin"]
[Result "1-0"]
[WhiteElo "2077"]
[BlackElo "1789"]
[PlyCount "41"]
[EventDate "2016.??.??"]
[WhiteTeam "SK Ebringen"]
[BlackTeam "SV Oberursel"]

1. e4 c5 2. d4 cxd4 3. c3 dxc3 4. Nxc3 d6 5. Nf3 Nc6 6. Bc4 Nf6 7. e5 Ng8 8.
O-O e6 9. Qe2 d5 10. Rd1 Nge7 11. Bg5 a6 12. Bb3 Bd7 13. Rac1 Qb8 14. Bf4 Ng6
15. Bg3 Qa7 16. Nxd5 exd5 17. Bxd5 Rd8 18. Bxf7+ Kxf7 19. e6+ Bxe6 20. Ng5+ Ke8
21. Qxe6+ 1-0

[Event "28.Schlosspark-Open"]
[Site "Wiesbaden-Biebrich"]
[Date "2016.08.26"]
[Round "2.32"]
[White "Ehmann, Johanna"]
[Black "Flach, Erich"]
[Result "0-1"]
[WhiteElo "1667"]
[BlackElo "2073"]
[PlyCount "106"]
[EventDate "2016.??.??"]
[WhiteTeam "SF Sasbach"]
[BlackTeam "SK Langen"]

1. e4 c5 2. Nf3 e6 3. d4 cxd4 4. Nxd4 Nf6 5. f3 d5 6. exd5 Nxd5 7. Bc4 Bc5 8.
Bb5+ Nd7 9. Bxd7+ Bxd7 10. Nb3 Bb6 11. Na3 Rc8 12. Qe2 Qf6 13. Bd2 Nf4 14. Bxf4
Qxf4 15. g3 Qe3 16. Qxe3 Bxe3 17. Na5 b5 18. Rd1 Rc7 19. c3 a6 20. Ke2 Bb6 21.
Nb3 Ke7 22. Nd2 Rhc8 23. Nc2 Bc6 24. Ne3 Bb7 25. Rhe1 g6 26. Nb3 Rd8 27. Rxd8
Kxd8 28. f4 Rd7 29. Ng4 Ke7 30. Ne5 Rc7 31. Rd1 f6 32. Nd3 Bd5 33. Nb4 Bc4+ 34.
Kf3 a5 35. Nd3 a4 36. Nbc1 a3 37. Nb3 axb2 38. Nxb2 Bd5+ 39. Ke2 Rxc3 40. Rd3
Rc2+ 41. Rd2 Rxd2+ 42. Kxd2 Bg1 43. Nc1 Bxh2 44. Ne2 Bxa2 45. Ke3 Kd6 46. Kf2
Bd5 47. Nd3 Be4 48. Ne1 b4 49. Nd4 Kd5 50. Ndf3 b3 51. Nd2 b2 52. Ng2 b1=Q 53.
Nxb1 Bxb1 0-1

[Event "28.Schlosspark-Open"]
[Site "Wiesbaden-Biebrich"]
[Date "2016.08.26"]
[Round "2.33"]
[White "Rolf, Marco"]
[Black "Neuhoff, Ulrich"]
[Result "1/2-1/2"]
[WhiteElo "2058"]
[BlackElo "1776"]
[PlyCount "117"]
[EventDate "2016.??.??"]
[WhiteTeam "SK Bad Homburg"]
[BlackTeam "SG Rheinbreitbach"]

1. d4 Nf6 2. c4 c5 3. d5 b5 4. cxb5 a6 5. b6 g6 6. Nc3 Qxb6 7. e4 d6 8. Be2 Bg7
9. Nf3 O-O 10. Nd2 Nbd7 11. O-O Ne8 12. Nc4 Qa7 13. Bg5 Ne5 14. Ne3 h6 15. Bh4
Rb8 16. Qd2 f5 17. f4 Ng4 18. Bxg4 fxg4 19. Kh1 Bd4 20. Nc4 Qc7 21. Rae1 Rb4
22. b3 Bf6 23. Bf2 Bg7 24. e5 Bf5 25. Bh4 dxe5 26. fxe5 g5 27. Bf2 Rxc4 28.
bxc4 Bxe5 29. g3 Bf6 30. Na4 Nd6 31. Nxc5 Nxc4 32. Qb4 Ne5 33. Qb3 Kh7 34. Nxa6
Qd6 35. Bc5 Qxa6 36. Rxf5 Nf3 37. Qb1 Kg7 38. Re3 Rb8 39. Qd1 Rb2 40. Rexf3
gxf3 41. Qxf3 Qxa2 42. Bf2 Qa6 43. Kg2 Kg6 44. h4 Qc8 45. h5+ Kg7 46. Qe4 Qc2
47. Qe6 Qe2 48. Qxe2 Rxe2 49. Kf3 Re5 50. Rxe5 Bxe5 51. Ke4 Bd6 52. Kf5 Kf7 53.
g4 Bb4 54. Bd4 Bd6 55. Bc3 Bc5 56. Be5 Ba3 57. Bc3 Bd6 58. Bd2 Bc5 59. Bc3
1/2-1/2

[Event "28.Schlosspark-Open"]
[Site "Wiesbaden-Biebrich"]
[Date "2016.08.26"]
[Round "2.34"]
[White "WÃ¶hl, Torsten"]
[Black "Everett, Elijah"]
[Result "0-1"]
[WhiteElo "1592"]
[BlackElo "2053"]
[PlyCount "92"]
[EventDate "2016.??.??"]
[WhiteTeam "SC GroÃŸ-Zimmern"]
[BlackTeam "SF SchÃ¶neck"]

1. d4 Nf6 2. Bf4 g6 3. e3 Bg7 4. Nd2 O-O 5. Ngf3 d6 6. c3 c5 7. Be2 b6 8. Qc2
Bb7 9. h3 Nbd7 10. Bg5 Qc7 11. Bb5 cxd4 12. Bxd7 dxe3 13. Bxe3 Nxd7 14. O-O Ne5
15. Nxe5 Bxe5 16. f4 Bg7 17. f5 Qc6 18. Nf3 Qe4 19. Qd2 Qxf5 20. Bh6 Qd5 21.
Qe3 Qc5 22. Qxc5 dxc5 23. Bxg7 Kxg7 24. Rae1 e6 25. Ne5 Rad8 26. Rf2 f6 27. Ng4
h5 28. Nh2 e5 29. Nf1 Rd3 30. Nd2 Rfd8 31. Ree2 Ba6 32. c4 R3d4 33. b3 Bb7 34.
Kf1 e4 35. Nb1 Rd1+ 36. Re1 f5 37. Nc3 Rxe1+ 38. Kxe1 Rd3 39. Ne2 e3 40. Rf1
Rd2 41. a3 Bxg2 42. Rg1 Rb2 43. Rxg2 Rb1+ 44. Nc1 Rxc1+ 45. Ke2 Rc2+ 46. Kf1
Rxg2 0-1

[Event "28.Schlosspark-Open"]
[Site "Wiesbaden-Biebrich"]
[Date "2016.08.26"]
[Round "2.35"]
[White "KÃ¶llner, Ruben Gideon"]
[Black "Traut, Stefan"]
[Result "1-0"]
[WhiteElo "2053"]
[BlackElo "1726"]
[PlyCount "95"]
[EventDate "2016.??.??"]
[WhiteTeam "SG Bochum"]
[BlackTeam "SF Heusenstamm"]

1. d4 Nf6 2. Nf3 c5 3. e3 e6 4. Bd3 d5 5. c3 b6 6. Nbd2 Bb7 7. Ne5 Be7 8. O-O
O-O 9. f4 g6 10. Qf3 Nbd7 11. g4 Rc8 12. Qh3 Kg7 13. g5 Ne4 14. Qh6+ Kh8 15.
Rf3 Bxg5 16. fxg5 Nxe5 17. dxe5 Qxg5+ 18. Qxg5 Nxg5 19. Rg3 Ne4 20. Nxe4 dxe4
21. Be2 Rcd8 22. c4 Rd7 23. b3 Rfd8 24. Kf2 Kg7 25. Rg1 h6 26. Bb2 Bc6 27. Rad1
g5 28. Rxd7 Rxd7 29. Rd1 Rxd1 30. Bxd1 Kg6 31. Kg3 h5 32. h4 Bd7 33. Bc3 Bc6
34. b4 Bd7 35. bxc5 bxc5 36. Bb2 a6 37. Ba3 gxh4+ 38. Kxh4 Kf5 39. Bb2 Kg6 40.
Bxh5+ Kg7 41. Kg5 Ba4 42. Be2 Bc2 43. Ba3 Bb1 44. Bxc5 Bxa2 45. Bb4 Bb1 46. c5
Bd3 47. Bxd3 exd3 48. c6 1-0

[Event "28.Schlosspark-Open"]
[Site "Wiesbaden-Biebrich"]
[Date "2016.08.26"]
[Round "2.36"]
[White "Kirchner, Stefan"]
[Black "Frey, Thomas"]
[Result "0-1"]
[WhiteElo "1510"]
[BlackElo "2052"]
[PlyCount "78"]
[EventDate "2016.??.??"]
[WhiteTeam "SF SchÃ¶neck"]
[BlackTeam "SV Reutlingen"]

1. e4 e6 2. d4 d5 3. e5 c5 4. c3 Nc6 5. Nf3 Qb6 6. a3 Bd7 7. Be2 Rc8 8. O-O Nh6
9. b4 cxd4 10. cxd4 Nf5 11. Bb2 Be7 12. Qd2 a6 13. Rd1 Na7 14. Nc3 Qd8 15. Rac1
O-O 16. Bd3 Nh4 17. Nxh4 Bxh4 18. Ne2 f5 19. f4 Bb5 20. Bc2 Bc4 21. Nc3 b5 22.
g3 Be7 23. Re1 Nc6 24. Nd1 Ra8 25. Bc3 a5 26. Rb1 axb4 27. axb4 Ra2 28. Nb2 Qd7
29. Nxc4 dxc4 30. Ra1 Rfa8 31. Reb1 Rxa1 32. Rxa1 Rxa1+ 33. Bxa1 Nxb4 34. Bd1
Qa7 35. Bc3 Nd5 36. Bb2 b4 37. Bh5 c3 38. Qc1 Qxd4+ 39. Kh1 g6 0-1

[Event "28.Schlosspark-Open"]
[Site "Wiesbaden-Biebrich"]
[Date "2016.08.26"]
[Round "2.37"]
[White "Karsay, Pascal"]
[Black "Lehmann, Wolfgang"]
[Result "1-0"]
[WhiteElo "2047"]
[BlackElo "1585"]
[PlyCount "71"]
[EventDate "2016.??.??"]
[WhiteTeam "Vorw.Orient Mainz"]
[BlackTeam "Wiesbadener SV"]

1. e4 c6 2. d4 d5 3. exd5 cxd5 4. c4 Nf6 5. Nc3 e6 6. Nf3 Be7 7. Bg5 O-O 8. a3
a6 9. c5 b6 10. b4 Bb7 11. Bd3 Nbd7 12. O-O Re8 13. Re1 b5 14. Qe2 Qc7 15. a4
bxa4 16. Rxa4 Qc8 17. Rea1 Nb8 18. b5 Qd8 19. Ne5 Bc8 20. b6 Bb7 21. Bxf6 Bxf6
22. Bxh7+ Kf8 23. Bd3 Bxe5 24. Qxe5 Nc6 25. Qh5 Qf6 26. Nb5 axb5 27. Rxa8 Rxa8
28. Rxa8+ Bxa8 29. Qh8+ Ke7 30. Qxa8 Qxd4 31. Qxc6 Qxd3 32. h3 Qd1+ 33. Kh2 Qd4
34. Qd6+ Kf6 35. b7 g6 36. b8=Q 1-0

[Event "28.Schlosspark-Open"]
[Site "Wiesbaden-Biebrich"]
[Date "2016.08.26"]
[Round "2.38"]
[White "Seickel, Ralf"]
[Black "Hartel, Sandro"]
[Result "1-0"]
[WhiteElo "2042"]
[BlackElo "1531"]
[PlyCount "59"]
[EventDate "2016.??.??"]
[WhiteTeam "vereinslos"]
[BlackTeam "SC Bendorf"]

1. c4 e5 2. g3 Nc6 3. Nc3 Nf6 4. Bg2 Bc5 5. Nf3 h6 6. d3 d6 7. O-O Ng4 8. e3 h5
9. h3 Nh6 10. d4 exd4 11. exd4 Bb6 12. Re1+ Ne7 13. Nd5 Nhg8 14. Bg5 f6 15. Bf4
c6 16. Nc3 g5 17. Be3 g4 18. hxg4 Bxg4 19. Qc2 Qd7 20. c5 Bc7 21. cxd6 Bxd6 22.
Ne4 Bb4 23. Rec1 Bxf3 24. Bxf3 Qf5 25. Bg2 h4 26. a3 h3 27. axb4 Rd8 28. Bh1
h2+ 29. Kf1 Nd5 30. Nd6+ 1-0

[Event "28.Schlosspark-Open"]
[Site "Wiesbaden-Biebrich"]
[Date "2016.08.26"]
[Round "2.39"]
[White "Flach, Helene"]
[Black "Ruppert, Wolfgang"]
[Result "0-1"]
[WhiteElo "1712"]
[BlackElo "2178"]
[PlyCount "60"]
[EventDate "2016.??.??"]
[WhiteTeam "SK Langen"]
[BlackTeam "SC FlÃ¶rsheim"]

1. e4 e6 2. d4 d5 3. exd5 exd5 4. Bd3 Nc6 5. c3 Bd6 6. Ne2 Qh4 7. Ng3 Nh6 8.
Nd2 Bg4 9. Nf3 Qf6 10. Be2 Nf5 11. O-O h6 12. Qb3 O-O-O 13. Nxf5 Bxf5 14. Be3
g5 15. a4 Rhe8 16. Qd1 g4 17. Ne1 h5 18. g3 Ne7 19. Ng2 Ng6 20. b4 Qe6 21. Qd2
Be4 22. Ra2 h4 23. Nf4 Nxf4 24. Bxf4 Bf3 25. Re1 hxg3 26. fxg3 Bxf4 27. Qxf4
Qg6 28. Kf1 Re4 29. Qd2 Rde8 30. Qd1 Qh5 0-1

[Event "28.Schlosspark-Open"]
[Site "Wiesbaden-Biebrich"]
[Date "2016.08.26"]
[Round "2.40"]
[White "Hahn, Florian"]
[Black "Lanz, Udo"]
[Result "0-1"]
[WhiteElo "2145"]
[BlackElo "1750"]
[PlyCount "84"]
[EventDate "2016.??.??"]
[WhiteTeam "SC Herborn"]
[BlackTeam "VSG Offenbach"]

1. Nf3 g6 2. g3 Bg7 3. Bg2 e5 4. O-O d6 5. d4 e4 6. Ne1 d5 7. c4 c6 8. Nc3 f5
9. b4 dxc4 10. Nc2 Be6 11. f3 exf3 12. Bxf3 Nf6 13. Bg5 Nbd7 14. d5 cxd5 15.
Nxd5 O-O 16. Rc1 h6 17. Bf4 Nxd5 18. Bxd5 Qb6+ 19. Be3 Qd6 20. Bxc4 Qe7 21. Bd5
Rad8 22. Bg2 b6 23. Nd4 Bxa2 24. Bf2 Ne5 25. Qc2 Bd5 26. b5 Bxg2 27. Kxg2 Qf7
28. h3 Rxd4 29. Bxd4 Qd5+ 30. Kh2 Qxd4 31. Qa2+ Kh7 32. Qxa7 f4 33. Qb7 Qe3 34.
Qg2 fxg3+ 35. Kh1 Rf2 36. Rxf2 gxf2 37. Rf1 Qxe2 38. Rxf2 Qxb5 39. Rb2 Qc5 40.
Rc2 Qd4 41. Rc7 Qd1+ 42. Kh2 Nf3+ 0-1

[Event "28.Schlosspark-Open"]
[Site "Wiesbaden-Biebrich"]
[Date "2016.08.26"]
[Round "2.41"]
[White "Deutsch, Christoph"]
[Black "Pioch, Thomas"]
[Result "1/2-1/2"]
[WhiteElo "1623"]
[BlackElo "2135"]
[PlyCount "47"]
[EventDate "2016.??.??"]
[WhiteTeam "SK Gründau"]
[BlackTeam "SF Mainz"]

1. e4 e6 2. d4 d5 3. exd5 exd5 4. Bd3 Bd6 5. Nf3 Ne7 6. O-O O-O 7. c3 Bf5 8.
Bg5 f6 9. Bh4 c6 10. Bg3 Bxg3 11. hxg3 Bxd3 12. Qxd3 Na6 13. Re1 Qd7 14. Nbd2
Rae8 15. Re2 Nc7 16. Rae1 Qf5 17. Qxf5 Nxf5 18. Nh4 Nxh4 19. gxh4 Rxe2 20. Rxe2
Kf7 21. g3 Ne8 22. f3 Nd6 23. Kf2 Rd8 24. Re1 1/2-1/2

[Event "28.Schlosspark-Open"]
[Site "Wiesbaden-Biebrich"]
[Date "2016.08.26"]
[Round "2.42"]
[White "RÃ¶diger, Thomas"]
[Black "Pogosian, Norair"]
[Result "1/2-1/2"]
[WhiteElo "2035"]
[BlackElo "1736"]
[PlyCount "70"]
[EventDate "2016.??.??"]
[WhiteTeam "SC Bad Soden"]
[BlackTeam "SK Ã–tigheim"]

1. d4 Nf6 2. Nf3 g6 3. c4 Bg7 4. Nc3 d5 5. e3 O-O 6. Be2 c5 7. dxc5 Qa5 8. O-O
dxc4 9. Bxc4 Qxc5 10. Be2 Nc6 11. e4 Rd8 12. Qb3 Qb4 13. Qxb4 Nxb4 14. Bg5 h6
15. Bf4 Be6 16. a3 Nc6 17. h3 Nd4 18. Nxd4 Rxd4 19. Be3 Rdd8 20. f3 Nh5 21. Kh2
Kh7 22. g4 Nf6 23. Kg3 b6 24. Rac1 Rac8 25. Nb5 Rxc1 26. Rxc1 Rd7 27. Nc3 Rc7
28. Nb5 Rd7 29. Rc7 Rxc7 30. Nxc7 Bd7 31. Nb5 Ne8 32. Nxa7 Bxb2 33. Nb5 Nd6 34.
Nxd6 exd6 35. Bxb6 Bxa3 1/2-1/2

[Event "28.Schlosspark-Open"]
[Site "Wiesbaden-Biebrich"]
[Date "2016.08.26"]
[Round "2.43"]
[White "MÃ¼nstermann, Matthias"]
[Black "Marschner, Thomas"]
[Result "1/2-1/2"]
[WhiteElo "1560"]
[BlackElo "2021"]
[PlyCount "86"]
[EventDate "2016.??.??"]
[WhiteTeam "SK Langen"]
[BlackTeam "SVG Eppstein"]

1. d4 Nf6 2. c4 c5 3. d5 b5 4. b3 g6 5. Nf3 Bg7 6. Bb2 bxc4 7. bxc4 O-O 8. e3
Qb6 9. Qc2 Na6 10. Be2 Rb8 11. Bc3 Nb4 12. Qb3 Qc7 13. Qd1 d6 14. O-O Bf5 15.
Nbd2 e6 16. a3 Na6 17. Nh4 Qe7 18. Nxf5 exf5 19. Bd3 Rb7 20. Re1 Ne4 21. Bxg7
Kxg7 22. Qc2 Nxd2 23. Qxd2 Qe5 24. Rab1 Rfb8 25. Rxb7 Rxb7 26. Rb1 Rxb1+ 27.
Bxb1 Qa1 28. Qa2 Qc3 29. h3 Nb8 30. a4 a5 31. Qc2 Qxc2 32. Bxc2 Nd7 33. Bb3 g5
34. Kf1 Kf6 35. Ke2 h6 36. f4 Nf8 37. Kf3 Ng6 38. g4 Ne7 39. Bc2 fxg4+ 40. hxg4
gxf4 41. exf4 Nc8 42. Kg3 Nb6 43. Bb3 Kg6 1/2-1/2

[Event "28.Schlosspark-Open"]
[Site "Wiesbaden-Biebrich"]
[Date "2016.08.26"]
[Round "2.44"]
[White "Brechlin, Olaf"]
[Black "Ebeling, Gereon"]
[Result "1-0"]
[WhiteElo "1928"]
[BlackElo "1343"]
[PlyCount "37"]
[EventDate "2016.??.??"]
[WhiteTeam "FVS ASP Hoyerswerda"]
[BlackTeam "SK Mainaschaff"]

1. Nc3 e5 2. e4 Bb4 3. Bc4 Nc6 4. f4 d6 5. Nf3 Bg4 6. a3 Ba5 7. O-O Nd4 8. Be2
Bb6 9. Kh1 Nxe2 10. Qxe2 exf4 11. d3 Qf6 12. Nd5 Qd4 13. Nxd4 Bxe2 14. Nxe2 Nf6
15. Nexf4 Bc5 16. Nxc7+ Kd7 17. Nxa8 Rxa8 18. Nd5 Ke6 19. Nc7+ 1-0

[Event "28.Schlosspark-Open"]
[Site "Wiesbaden-Biebrich"]
[Date "2016.08.26"]
[Round "2.45"]
[White "Fernandez Garcia, Alfonso Javier"]
[Black "Rump, Andreas"]
[Result "0-1"]
[WhiteElo "1535"]
[BlackElo "1928"]
[PlyCount "86"]
[EventDate "2016.??.??"]
[WhiteTeam "SV Neu-Isenburg"]
[BlackTeam "SG Idstein"]

1. e4 g6 2. Nf3 Bg7 3. d4 d6 4. c4 Nf6 5. Nc3 O-O 6. Be2 Na6 7. O-O c5 8. d5
Nc7 9. Re1 Ng4 10. h3 Ne5 11. Nxe5 Bxe5 12. Qc2 Bd4 13. Bh6 Bg7 14. Bg5 h6 15.
Bd2 e5 16. Bf1 Qh4 17. Ne2 f5 18. exf5 Bxf5 19. Qb3 b6 20. Ng3 Rf7 21. Nxf5
gxf5 22. Qf3 Raf8 23. Qe2 Ne8 24. g3 Qd8 25. Rab1 Kh7 26. b4 Nf6 27. Bg2 Nd7
28. a3 Kh8 29. Qh5 Kh7 30. Rb3 e4 31. Bf4 Ne5 32. Qe2 Nd3 33. Rxd3 exd3 34.
Qxd3 Re7 35. Re6 Rxe6 36. dxe6 Bd4 37. Bd5 Be5 38. Bd2 Kg7 39. Qe2 Qf6 40. Qh5
f4 41. Qg4+ Kh8 42. Bxf4 Bxf4 43. Qxf4 Qa1+ 0-1

[Event "28.Schlosspark-Open"]
[Site "Wiesbaden-Biebrich"]
[Date "2016.08.26"]
[Round "2.46"]
[White "BÃ¶rkey, Pierre"]
[Black "Leck, Gerrit"]
[Result "0-1"]
[WhiteElo "1399"]
[BlackElo "1916"]
[PlyCount "76"]
[EventDate "2016.??.??"]
[WhiteTeam "Wiesbadener SV"]
[BlackTeam "SV Lahn Limburg"]

1. d4 Nf6 2. Bf4 g6 3. e3 Bg7 4. Nf3 d6 5. h3 O-O 6. Bd3 Nbd7 7. O-O Qe8 8. Nc3
c6 9. Re1 e5 10. Bh2 Qe7 11. dxe5 dxe5 12. e4 Rd8 13. Qe2 Ne8 14. Rad1 Nc5 15.
Bc4 Nd6 16. b3 a5 17. a4 Nxc4 18. Rxd8+ Qxd8 19. Qxc4 Qe7 20. b4 axb4 21. Qxb4
f6 22. Rd1 Bf8 23. Nd2 Nxa4 24. Qxe7 Bxe7 25. Ra1 Nb6 26. Rb1 Nd7 27. Nc4 b5
28. Ne3 Ra3 29. Rb3 Rxb3 30. cxb3 Nc5 31. b4 Nd3 32. Nc2 Nxb4 33. Nxb4 Bxb4 34.
Ne2 c5 35. f4 exf4 36. Bxf4 c4 37. Nd4 Bc5 38. Be3 b4 0-1

[Event "28.Schlosspark-Open"]
[Site "Wiesbaden-Biebrich"]
[Date "2016.08.26"]
[Round "2.47"]
[White "Bayer, Melissa"]
[Black "Chernykh, Arkady"]
[Result "0-1"]
[WhiteElo "1478"]
[BlackElo "1900"]
[PlyCount "90"]
[EventDate "2016.??.??"]
[WhiteTeam "SK GrÃ¼ndau"]
[BlackTeam "Karlsruher SF"]

1. e4 c5 2. Nf3 e6 3. Nc3 a6 4. d4 cxd4 5. Nxd4 Qc7 6. f4 Bb4 7. Nde2 Nf6 8.
Qd3 d6 9. g3 Bd7 10. Bd2 Bc6 11. Bg2 Nbd7 12. Rd1 Rd8 13. Nd4 Nc5 14. Qe3 Bxc3
15. Bxc3 Bxe4 16. Bxe4 Ncxe4 17. Rd3 Nxc3 18. Rxc3 Qa5 19. Nb3 Qb4 20. Qd4 Qxd4
21. Nxd4 Nd5 22. Rb3 b5 23. Kd2 Rc8 24. Re1 Kd7 25. Nf3 h6 26. Re4 Rc5 27. Rd4
Rhc8 28. c3 a5 29. a4 b4 30. Rd3 Rc4 31. f5 bxc3+ 32. bxc3 Rxa4 33. fxe6+ fxe6
34. Nd4 Ra2+ 35. Nc2 Nb4 36. cxb4 Rcxc2+ 37. Ke3 a4 38. Rb1 Rab2 39. Rbd1 d5
40. Rd4 a3 41. Rf4 a2 42. Rff1 Rxb4 43. Ra1 Rb3+ 44. Kd4 Rc4+ 45. Ke5 Re4# 0-1

[Event "28.Schlosspark-Open"]
[Site "Wiesbaden-Biebrich"]
[Date "2016.08.26"]
[Round "2.48"]
[White "Schneider, Luca"]
[Black "Grieb, Stefan"]
[Result "1/2-1/2"]
[WhiteElo "1369"]
[BlackElo "1892"]
[PlyCount "65"]
[EventDate "2016.??.??"]
[WhiteTeam "FC Bierstadt"]
[BlackTeam "SK Gau-Algesheim"]

1. b4 Nf6 2. Bb2 d5 3. e3 Bf5 4. Nf3 e6 5. a3 Nbd7 6. c4 c6 7. Be2 Bd6 8. d3
Rc8 9. Nbd2 Bb8 10. Nh4 Bg6 11. Nxg6 hxg6 12. Nf3 O-O 13. O-O Qe7 14. Re1 Rfd8
15. Qc2 Ng4 16. h3 Nge5 17. Nd2 g5 18. Qc3 f6 19. g3 Nf8 20. Qb3 Nf7 21. Rad1
f5 22. e4 f4 23. g4 d4 24. Nf3 e5 25. Bf1 Qe6 26. Qc2 Qh6 27. Bg2 Ng6 28. Rf1
Nh4 29. Nxh4 Qxh4 30. Qe2 Rd6 31. Bc1 Rh6 32. Bd2 Rf6 33. f3 1/2-1/2

[Event "28.Schlosspark-Open"]
[Site "Wiesbaden-Biebrich"]
[Date "2016.08.26"]
[Round "2.49"]
[White "Jahraus, Marlis"]
[Black "Klebs, Sebastian"]
[Result "0-1"]
[WhiteElo "1453"]
[BlackElo "1836"]
[PlyCount "86"]
[EventDate "2016.??.??"]
[WhiteTeam "SC Untergrombach"]
[BlackTeam "Karlsruher SF"]

1. e4 c5 2. Be2 Nc6 3. f4 d6 4. Nf3 Nf6 5. d3 Bg4 6. O-O e6 7. Qe1 Be7 8. c3
O-O 9. Qg3 Bxf3 10. Bxf3 Kh8 11. e5 Nd5 12. Bxd5 exd5 13. exd6 Qxd6 14. Nd2 b5
15. Nf3 Bf6 16. Rb1 d4 17. Bd2 dxc3 18. bxc3 Qxd3 19. Rbc1 a5 20. Qf2 Qf5 21.
c4 b4 22. Be3 Be7 23. Nd2 a4 24. Qf3 Nd4 25. Bxd4 cxd4 26. Ne4 Qd7 27. Rfd1 f5
28. Nf2 Bf6 29. Nd3 b3 30. axb3 axb3 31. Nc5 Qe7 32. Nxb3 Ra3 33. Rd3 Rd8 34.
c5 Ra2 35. c6 Re2 36. Rdd1 Re3 37. Qf1 Rxb3 38. Qc4 Rc3 39. Rxc3 dxc3 40. Rxd8+
Qxd8 41. c7 Qd1+ 42. Kf2 Bd4+ 43. Kg3 Qg4# 0-1

[Event "28.Schlosspark-Open"]
[Site "Wiesbaden-Biebrich"]
[Date "2016.08.26"]
[Round "2.51"]
[White "Donecker, Stefan"]
[Black "Happel, Jürgen"]
[Result "1/2-1/2"]
[WhiteElo "1814"]
[BlackElo "1565"]
[PlyCount "40"]
[EventDate "2016.??.??"]
[WhiteTeam "TuS Dotzheim"]
[BlackTeam "SV Hofheim"]

1. d4 d5 2. Nc3 Nf6 3. Bf4 c6 4. e3 e6 5. Bd3 Bd6 6. Bxd6 Qxd6 7. Nf3 O-O 8.
O-O b5 9. a3 Nbd7 10. Re1 a5 11. e4 dxe4 12. Nxe4 Nxe4 13. Bxe4 Nf6 14. c3 Bb7
15. b4 Nxe4 16. Rxe4 axb4 17. axb4 Rxa1 18. Qxa1 Ra8 19. Qb2 Qd5 20. Re2 h6
1/2-1/2

[Event "28.Schlosspark-Open"]
[Site "Wiesbaden-Biebrich"]
[Date "2016.08.26"]
[Round "2.52"]
[White "Jahnel, GÃ¼nther"]
[Black "Bayer, Martin"]
[Result "1-0"]
[WhiteElo "2272"]
[BlackElo "1692"]
[PlyCount "89"]
[EventDate "2016.??.??"]
[WhiteTeam "FVS ASP Hoyerswerda"]
[BlackTeam "SK GrÃ¼ndau"]

1. d4 d5 2. c4 e6 3. Nf3 Nf6 4. Bg5 Be7 5. e3 Nbd7 6. Bd3 b6 7. O-O c5 8. cxd5
exd5 9. Nc3 O-O 10. Rc1 Bb7 11. Qa4 Ne4 12. Bxe7 Qxe7 13. Ba6 Nxc3 14. Rxc3
Bxa6 15. Qxa6 Rfc8 16. Rfc1 f6 17. Ne1 Rc7 18. Nd3 Rac8 19. Qb5 Qe4 20. b4 Qe7
21. bxc5 bxc5 22. dxc5 Ne5 23. Nb4 Qd8 24. c6 Kf7 25. Nxd5 Rb8 26. Nxc7 Rxb5
27. Nxb5 Nxc6 28. Rxc6 Qa5 29. Nd6+ Kg6 30. R6c2 Qe5 31. Nc4 Qb8 32. h3 h6 33.
Na5 Qb6 34. Nc6 a6 35. Rc4 Qb2 36. a4 Qd2 37. Nb4 Qd6 38. Nc6 Qd2 39. Nd4 Qb2
40. h4 h5 41. Ne6 Qb6 42. Nf4+ Kh6 43. Rc5 Kh7 44. Rxh5+ Kg8 45. Rhc5 1-0

[Event "28.Schlosspark-Open"]
[Site "Wiesbaden-Biebrich"]
[Date "2016.08.26"]
[Round "2.53"]
[White "Kregelin, Jan"]
[Black "Bühler, Severin"]
[Result "1-0"]
[WhiteElo "2101"]
[BlackElo "1682"]
[PlyCount "25"]
[EventDate "2016.??.??"]
[WhiteTeam "FVS ASP Hoyerswerda"]
[BlackTeam "Heilbronner SV"]

1. d4 Nf6 2. c4 g6 3. Nc3 Bg7 4. Nf3 O-O 5. Bg5 d6 6. e3 c5 7. Be2 h6 8. Bf4 g5
9. Bg3 Nh5 10. Qd3 Nxg3 11. hxg3 Nd7 12. Nxg5 Nf6 13. Nd5 1-0

[Event "28.Schlosspark-Open"]
[Site "Wiesbaden-Biebrich"]
[Date "2016.08.26"]
[Round "2.54"]
[White "Diener, Carolin Valeria"]
[Black "Trumpp, Lothar"]
[Result "0-1"]
[WhiteElo "1692"]
[BlackElo "2045"]
[PlyCount "48"]
[EventDate "2016.??.??"]
[WhiteTeam "SK Bad Homburg"]
[BlackTeam "VSG Offenbach"]

1. e4 Nc6 2. d4 e5 3. dxe5 Nxe5 4. Nf3 Qf6 5. Nxe5 Qxe5 6. Bd3 Bc5 7. Qe2 d6 8.
Nc3 c6 9. O-O Nf6 10. h3 Nh5 11. Qf3 h6 12. Kh1 Bd7 13. a3 Bb6 14. Rb1 Bc7 15.
g4 d5 16. Qg2 Nf4 17. Bxf4 Qxf4 18. exd5 O-O-O 19. dxc6 Bxc6 20. Be4 Bxe4 21.
Nxe4 h5 22. f3 hxg4 23. fxg4 Qe3 24. Rfe1 Rxh3+ 0-1